000
00255nam a2200109Ia 4500
008
190216s9999||||xx |||||||||||||| ||und||
100
_a
Nafees Baig
245
0
_a
Cost Accounts And Cost Control
260
_b
Kalyani Pub
_c
1975
300
_a
287p
942
_c
BK
999
_c
4340
_d
4340